| 000 | 00540nam a22001817a 4500 | ||
|---|---|---|---|
| 003 | OSt | ||
| 005 | 20251028052402.0 | ||
| 008 | 251028b |||||||| |||| 00| 0 eng d | ||
| 020 | _a971-92981-9-7. | ||
| 040 |
_aDWCL-Main lib _cOC |
||
| 082 | _aFil. 421 Im34 2004 | ||
| 100 | _aVillanueva, Perla M. Et. Al. | ||
| 245 |
_aImproving your writing skills _cVillanueva, Perla M. Et. Al. |
||
| 260 |
_aMakati City : _bBookquick Marketing, _cc2004. |
||
| 300 |
_axiv, 299 pages ; _c25 cm. |
||
| 650 | _21. Writing, | ||
| 942 |
_2ddc _cBK - FIL _kFil. _n0 |
||
| 999 |
_c5234 _d5234 |
||